<?xml version="1.0" encoding="UTF-8"?><collection xmlns="info:lc/xmlns/marcxchange-v2"><record format="Unimarc" type="bibliographic"><leader>00691nam  220021700 450 </leader><controlfield tag="001">3696782</controlfield><controlfield tag="003">http://id.bnportugal.gov.pt/bib/porbase/3696782</controlfield><datafield ind1=" " ind2=" " tag="010"><subfield code="a">0-02-896480-2</subfield></datafield><datafield ind1=" " ind2=" " tag="035"><subfield code="a">fo004_bc.iso/11-10-2023/46623</subfield></datafield><datafield ind1=" " ind2=" " tag="035"><subfield code="a">FO20230526151435</subfield></datafield><datafield ind1=" " ind2=" " tag="100"><subfield code="a">20230525d2023    k  y0porb0103    ba</subfield></datafield><datafield ind1="0" ind2=" " tag="101"><subfield code="a">eng</subfield></datafield><datafield ind1=" " ind2=" " tag="102"><subfield code="a">US</subfield></datafield><datafield ind1=" " ind2=" " tag="105"><subfield code="a">a       001yy</subfield></datafield><datafield ind1=" " ind2=" " tag="106"><subfield code="a">r</subfield></datafield><datafield ind1="1" ind2=" " tag="200"><subfield code="a">Taoist ritual in chinese society and history</subfield><subfield code="f">John Lagerwey</subfield></datafield><datafield ind1=" " ind2=" " tag="210"><subfield code="a">New York</subfield><subfield code="c">Macmillian</subfield><subfield code="d">1987</subfield></datafield><datafield ind1=" " ind2=" " tag="215"><subfield code="a">xviii, 364 p.</subfield><subfield code="c">il.</subfield><subfield code="d">24 cm</subfield></datafield><datafield ind1=" " ind2=" " tag="675"><subfield code="a">299.513(510)</subfield><subfield code="v">BN</subfield><subfield code="z">por</subfield></datafield><datafield ind1=" " ind2="1" tag="700"><subfield code="a">Lagerwey</subfield><subfield code="b">John</subfield></datafield><datafield ind1=" " ind2="0" tag="801"><subfield code="a">PT</subfield><subfield code="b">FO</subfield><subfield code="c">20230525</subfield><subfield code="g">RPC</subfield></datafield><datafield ind1=" " ind2=" " tag="859"><subfield code="u">/BiblioNET/Upload/Taoist ritual in chinese society and history.jpg</subfield><subfield code="z">capa</subfield></datafield><datafield ind1=" " ind2=" " tag="966"><subfield code="l">FO</subfield><subfield code="m">FO</subfield><subfield code="s">CHINA 299.513 LAG</subfield></datafield></record></collection>